GPU-k programozása Cg nyelven

Elmentve itt :
Bibliográfiai részletek
Szerző: Bottó Zoltán
További közreműködők: Nagy Antal (Témavezető)
Dokumentumtípus: Szakdolgozat
Megjelent: 2008
Tárgyszavak:
Online Access:http://diploma.bibl.u-szeged.hu/3203
LEADER 00757nta a2200181 i 4500
001 dipl3203
005 20130314072343.0
008 110412s2008 hu om 0|| hun d
040 |a SZTE Diploma Repozitórium  |b hun 
041 |a hun 
100 1 |a Bottó Zoltán 
245 1 0 |a GPU-k programozása Cg nyelven  |h [elektronikus dokumentum] /  |c Zoltán Bottó 
260 |c 2008 
650 4 |a Informatika 
700 1 |a Nagy Antal  |e ths 
856 4 0 |u http://diploma.bibl.u-szeged.hu/id/eprint/3203/1/2008_botto_zoltan_08_17.pdf  |z Dokumentum-elérés  
856 4 0 |u http://diploma.bibl.u-szeged.hu/id/eprint/3203/2/2008_botto_zoltan_08_17_biralat.pdf  |z Dokumentum-elérés  
856 4 0 |u http://diploma.bibl.u-szeged.hu/id/eprint/3203/3/2008_botto_zoltan_08_17.tar.gz  |z Dokumentum-elérés